00569nam a22001817a 4500003000400000005001700004008004100021020002200062040002900084050001700113100002800130245004300158260009100201300001000292650004500302650002600347650001400373OSt20250725123136.0250725b |||||||| |||| 00| 0 eng d a978-0-87120-368-7 cChuka University Library aLB 1590.3.D6 aCosta L. Arthur...et al aDiscovering & Exploring Habits of Mind aAlexandria, Virginia USAbAssociation for Supervision and Curriculum Developmentc2000 a108p. aThought and Thinking Study and Teaching aCognition in Children aIntellect